WILDFLOWER - Billie Eilish - Statistics

General Stats
  • This quiz has been taken 614 times
  • The average score is 221 of 276
Answer Stats
Hint Answer % Correct
I
99%
I?
99%
a
97%
You
97%
you
97%
the
96%
her
95%
my
95%
time
95%
but
94%
But
94%
of
93%
She
93%
she
93%
in
92%
know
92%
me
92%
was
92%
And
91%
and
91%
do
91%
Do
91%
see
91%
your
91%
All
90%
all
90%
back
90%
mind
90%
on
90%
should
90%
cryin'
89%
love
89%
to
89%
who
89%
it
88%
be
86%
don't
86%
could
85%
Verse 1 Things
85%
things
85%
girl
84%
go
84%
Like
84%
like
84%
remind
84%
that
84%
Did
83%
heart
83%
hold
83%
shoulder
83%
world
83%
apart
82%
breaks
82%
burning
82%
fall
82%
fever
82%
need
82%
alive
81%
July
81%
behind
80%
cross
80%
I'm
80%
line?
80%
until
80%
put
78%
showed
78%
closer
77%
so
76%
us
76%
wasn't
75%
made
74%
shouldn't
74%
there
74%
both
73%
fell
73%
Only
73%
out
72%
no
71%
let
69%
sign
67%
good
65%
last
64%
couldn't
62%
different
62%
fast
62%
moves
60%
More
59%
Verse 2 Well
59%
well
59%
from
58%
life
58%
better
57%
free
56%
Happy
56%
never
56%
ask
55%
just
52%
leather
52%
Now
52%
I'd
51%
'Cause
49%
wonder
49%
every
48%
baby
46%
how
46%
say
45%
touch
45%
felt
44%
hotel
44%
Valentine's
44%
day
43%
didn't
41%
hurt
41%
myself
41%
one
41%
kept
39%
mean
39%
knows
38%
eyes
34%
Feels
34%
Wanna
30%
No matching quizzes found
Score Distribution
Percent of People with Each Score
Percentile by Number Answered
Your Score History
You have not taken this quiz